| 000 | 00813nam a22002415i 4500 | ||
|---|---|---|---|
| 001 | 176805 | ||
| 003 | ES-MaACL | ||
| 005 | 20250812085439.0 | ||
| 008 | 110210s1970 sp abo |||| | spa d | ||
| 080 | _a233 | ||
| 100 | 1 |
_aBecker, Raymond de. _926951 |
|
| 245 | 1 | 3 |
_aEl hinduismo y la crisis del mundo moderno / _c[Raymond de Becker ; traducción de Màrius Lleget]. |
| 250 | _a1ª ed. | ||
| 260 |
_aEsplugas de Llobregat (Barcelona) : _bPlaza & Janés, _c1970. |
||
| 300 |
_a255 p. : _bil. bl. y n. ; _c18 cm. |
||
| 490 | 1 |
_aEnciclopedia Horizonte ; _v12 |
|
| 504 | _aBibliografía: p. 253-255. | ||
| 650 | 0 | 7 |
_aHinduismo _2embne _9136230 |
| 700 | 1 |
_aLleget, Marius. _972750 |
|
| 830 | 0 |
_aEnciclopedia Horizonte ; _v12 _9190248 |
|
| 852 |
_aES-MaACL _jE-14281 _xOlim P-1404 |
||
| 999 |
_c176805 _d176805 |
||